U2 Rattle & Hum
Una película-concierto de escala sin precedente, Rattle and Hum captura a U2 -dentro y fuera del escenario- durante la gira triunfal de Joshua Tree Tour. De las gigantescas celebraciones Technicolor de los estadios, a la intensidad blanco y negro de los shows bajo techo, esto es U2 en su mejor momen...
Guardado en:
| Autor Principal: | |
|---|---|
| Autores Corporativos: | , |
| Otros Autores: | , , |
| Formato: | |
| Idioma: | Undetermined |
| Publicado: |
Paramount,
1988.
|
| Materias: | |
| Etiquetas: |
Agregar Etiqueta
Sin Etiquetas, Sea el primero en etiquetar este registro!
|
| LEADER | 01885ngm a22002775a 4500 | ||
|---|---|---|---|
| 001 | CEM.cems019861 | ||
| 008 | 221114s1988####xx#---############vlund#d | ||
| 005 | 20221116192345.0 | ||
| 245 | 1 | 0 | |a U2 Rattle & Hum |h [videograbación] / |c U2. |
| 260 | |b Paramount, |c 1988. | ||
| 300 | |a 99'. | ||
| 520 | |a Una película-concierto de escala sin precedente, Rattle and Hum captura a U2 -dentro y fuera del escenario- durante la gira triunfal de Joshua Tree Tour. De las gigantescas celebraciones Technicolor de los estadios, a la intensidad blanco y negro de los shows bajo techo, esto es U2 en su mejor momento. Siguiendo al grupo a través de Estados Unidos, explorando nuevas influencias, jugando con el legendario B. B. King en un viaje que los conduce desde Dublín a Graceland, desde San Francisco a las calles del Harlem, desde The Joshua Tree a Rattle And Hum. | ||
| 505 | 0 | |a 1. Helter Skelter -- 2. Van Diemen's Land -- 3. Desire -- 4. Exit -- 5. I Still Haven't Found What I'm Looking For -- 6. Freedom for My People -- 7. Angel of Harlem -- 8. All Along the Watchtower -- 9. In God's Country -- 10. When Love Comes to Town -- 11. Heartland -- 12. Bad -- 13. Where the Streets Have No Name -- 14. MLK -- 15. With or Without You -- 16. The Star Spangled Banner/ Bullet the Blue Sky -- 17. Running to Stand Still -- 18. Sunday Bloody Sunday -- 19. Pride -- 20. All I Want Is You | |
| 538 | |a Soporte: DVD -- Formato: DVD -- Peso: 4.06 gb -- Resolución: 720 x 480 -- 29.97 fps | ||
| 590 | |a Identificación anterior: M 15 | ||
| 100 | 1 | |a U2. | |
| 700 | 1 | |a Joanou, Phil; Director. | |
| 700 | 1 | |a Hamlyn, Michael ; Productor. | |
| 700 | 1 | |a McGuinness, Paul ; Productor. | |
| 710 | 2 | |a Paramount. | |
| 710 | 2 | |a AVH. | |
| 653 | |a U2 | ||
| 653 | |a B.B KING | ||
| 653 | |a PELÍCULA CONCIERTO | ||
| 653 | |a MÚSICA | ||
| 859 | |a CEMS |b BIB. CEMS - Depto. Recursos Didacticos |h 780 |i U2 |k DRD |p 2930.22 |t Ej.1 | ||
